[Event "Wch Seniors 65 26th"]
[Site "Marianske Lazne"]
[Date "2016.11.22"]
[Round "4"]
[White "Hartlaub, Marianne"]
[Black "Flockerzi, Armin"]
[Result "0-1"]
[WhiteElo "1558"]
[BlackElo "1860"]
[PlyCount "124"]
[EventDate "2016.11.19"]
[EventType "swiss"]
[EventRounds "11"]
[EventCountry "CZE"]
[SourceTitle "CBM 175 Extra"]
[Source "ChessBase"]
[SourceDate "2016.12.12"]
[SourceVersion "1"]
[SourceVersionDate "2016.12.12"]
[SourceQuality "1"]

1. Nf3 d5 2. b3 Nf6 3. Bb2 e6 4. g3 Nbd7 5. Bg2 Bd6 6. 0-0 0-0 7. d3 e5 8. Nbd2 c5 9. Rc1 b6 10. a3 Bb7 11. h3 Re8 12. Nh2 Rb8 13. Ndf3 Qc7 14. e3 h6 15. Re1 a6 16. Nh4 Nf8 17. Nf5 Ng6 18. Nxd6 Qxd6 19. f4 Nd7 20. Ng4 f5 21. fxe5 Qe6 22. Nxh6+ gxh6 23. Qh5 Kh7 24. Rf1 Rf8 25. Rf2 Rf7 26. d4 cxd4 27. exd4 b5 28. Rcf1 Ne7 29. Bc1 Rbf8 30. Rf4 Rg8 31. Kh2 Rg5 32. Qf3 Ng6 33. h4 Nxf4 34. hxg5 Nxg2 35. Kxg2 hxg5 36. Rh1+ Kg8 37. Qh5 Rg7 38. Bxg5 Nxe5 39. Qh8+ Kf7 40. Bh6 Rg8 41. Qh7+ Ke8 42. Qxb7 Nd7 43. Kf2 Nf6 44. Re1 Ne4+ 45. Rxe4 fxe4 46. Bf4 Rf8 47. Ke3 Rf6 48. Qb8+ Kf7 49. Qe5 Rg6 50. Qh5 Kg8 51. Be5 Rh6 52. Qg5+ Kf7 53. Qg7+ Ke8 54. Bf4 Rg6 55. Qh8+ Rg8 56. Qh5+ Rg6 57. Qh8+ Kf7 58. Be5 Rg8 59. Qh7+ Ke8 60. Qh5+ Qf7 61. Qxf7+ Kxf7 62. Kf4 Ke6 0-1

[Event "GER-chB Seniors 28th"]
[Site "Niederhausen"]
[Date "2016.08.17"]
[Round "5"]
[White "Hartlaub, Marianne"]
[Black "Malik, Rosemarie"]
[Result "1-0"]
[WhiteElo "1524"]
[BlackElo "1652"]
[PlyCount "62"]
[EventDate "2016.08.13"]
[EventType "swiss"]
[EventRounds "9"]
[EventCountry "GER"]
[SourceTitle "EXT 2019"]
[Source "ChessBase"]
[SourceDate "2018.10.10"]
[SourceVersion "1"]
[SourceVersionDate "2018.10.10"]
[SourceQuality "1"]

1. Nf3 g6 2. d4 Bg7 3. c4 Nf6 4. Nc3 0-0 5. e4 d6 6. Be2 Bg4 7. h3 Bxf3 8. Bxf3 c6 9. 0-0 Nbd7 10. Be3 a6 11. Re1 e6 12. Qd2 Qc7 13. Bh6 e5 14. Bxg7 Kxg7 15. Rad1 Rfd8 16. Ne2 Nf8 17. Ng3 Rab8 18. Nf5+ gxf5 19. Qg5+ Ng6 20. exf5 h6 21. Qg3 Rg8 22. fxg6 fxg6 23. dxe5 dxe5 24. Qxe5 Qxe5 25. Rxe5 Kf7 26. g4 Rge8 27. Rde1 Nd7 28. R5e3 Nb6 29. b3 Rxe3 30. fxe3 Nd7 31. Kf2 Ne5 1-0

[Event "MVP-ch Seniors op 15th"]
[Site "Binz"]
[Date "2015.12.02"]
[Round "9.82"]
[White "Freerksen, Uwe"]
[Black "Hartlaub, Marianne"]
[Result "0-1"]
[WhiteElo "1209"]
[BlackElo "1313"]
[PlyCount "106"]
[EventDate "2015.11.24"]
[EventType "swiss"]
[EventRounds "9"]
[EventCountry "GER"]
[SourceTitle "EXT 2017"]
[Source "ChessBase"]
[SourceDate "2016.10.25"]
[SourceVersion "1"]
[SourceVersionDate "2016.10.25"]
[SourceQuality "1"]

1. e4 d6 2. Nf3 e5 3. d3 Bg4 4. Nbd2 Nf6 5. h3 Be6 6. Be2 h6 7. 0-0 a6 8. c3 b5 9. Qc2 Be7 10. a3 0-0 11. d4 exd4 12. Nxd4 Bd7 13. N2f3 c5 14. Nf5 Bxf5 15. exf5 Nbd7 16. Be3 Rc8 17. Qd1 Qc7 18. Bf4 Qc6 19. Bd3 c4 20. Bc2 Rfe8 21. a4 Bf8 22. axb5 axb5 23. Nd4 Qb7 24. Qf3 d5 25. Bd1 b4 26. Ba4 Re4 27. Bxd7 Qxd7 28. Be3 bxc3 29. bxc3 Bc5 30. Kh1 Rce8 31. g4 Nh7 32. Rfd1 Be7 33. Ra6 Bg5 34. Bxg5 Nxg5 35. Qg3 Qb7 36. Raa1 Qe7 37. h4 Nh7 38. Rab1 Qd7 39. Rb8 Nf6 40. Rxe8+ Qxe8 41. f3 Re3 42. Rb1 Rxc3 43. Rb8 Re3 44. Rxe8+ Rxe8 45. Qc7 Re1+ 46. Kg2 Rd1 47. Qc8+ Kh7 48. Qc5 Ra1 49. h5 Ra2+ 50. Kg3 Rd2 51. Nb5 Rd3 52. Nd6 c3 53. Nxf7 Ne4+ 0-1

[Event "MVP-ch Seniors op 15th"]
[Site "Binz"]
[Date "2015.11.28"]
[Round "5.82"]
[White "Geibel, Henning"]
[Black "Hartlaub, Marianne"]
[Result "0-1"]
[WhiteElo "1192"]
[BlackElo "1313"]
[PlyCount "76"]
[EventDate "2015.11.24"]
[EventType "swiss"]
[EventRounds "9"]
[EventCountry "GER"]
[SourceTitle "EXT 2017"]
[Source "ChessBase"]
[SourceDate "2016.10.25"]
[SourceVersion "1"]
[SourceVersionDate "2016.10.25"]
[SourceQuality "1"]

1. e4 d6 2. Nf3 Bg4 3. Be2 e5 4. 0-0 Nf6 5. d3 Be7 6. h3 Bxf3 7. Bxf3 c6 8. c3 Nbd7 9. d4 0-0 10. d5 cxd5 11. exd5 Rc8 12. Nd2 a6 13. Ne4 b5 14. Nxf6+ Nxf6 15. b4 Qc7 16. Bb2 Rfe8 17. a4 Qc4 18. axb5 axb5 19. Qd2 Bf8 20. Rfd1 Ra8 21. Rxa8 Rxa8 22. Be2 Qh4 23. Bxb5 Ne4 24. Qe2 Rc8 25. Rd3 f5 26. Qf3 g6 27. Bc6 Qe7 28. b5 Nc5 29. Rd1 Bg7 30. Ra1 e4 31. Qd1 Nd3 32. Qd2 Qc7 33. Ra8 Rxa8 34. Bxa8 Qb6 35. Bc6 Be5 36. Ba3 Bg3 37. Qe3 Bxf2+ 38. Qxf2 Qxf2+ 0-1

[Event "Bayern-ch Seniors op 27th"]
[Site "Bergen"]
[Date "2015.06.15"]
[Round "7"]
[White "Garms, Ilse"]
[Black "Hartlaub, Marianne"]
[Result "1-0"]
[WhiteElo "1553"]
[BlackElo "1367"]
[PlyCount "49"]
[EventDate "2015.06.15"]
[EventType "swiss"]
[EventRounds "9"]
[EventCountry "GER"]
[SourceTitle "EXT 2019"]
[Source "ChessBase"]
[SourceDate "2018.10.10"]
[SourceVersion "1"]
[SourceVersionDate "2018.10.10"]
[SourceQuality "1"]

1. d4 d6 2. e4 Nf6 3. Bd3 e5 4. c3 Be7 5. Nd2 0-0 6. Ngf3 Bg4 7. 0-0 h6 8. h3 Bxf3 9. Nxf3 Nbd7 10. Be3 c6 11. Qe2 Qc7 12. Rfe1 b5 13. a3 Rfe8 14. Nd2 Bf8 15. f4 g6 16. fxe5 dxe5 17. Qf3 Bg7 18. b4 Rad8 19. Rac1 Nf8 20. Nb3 Ne6 21. Bf2 Nf4 22. Bb1 Nd7 23. Rcd1 Nb6 24. Nc5 Qd7 25. Nxd7 1-0

[Event "Bayern-ch Seniors op 27th"]
[Site "Bergen"]
[Date "2015.06.15"]
[Round "2"]
[White "Malik, Heinz"]
[Black "Hartlaub, Marianne"]
[Result "1/2-1/2"]
[WhiteElo "1609"]
[BlackElo "1367"]
[PlyCount "44"]
[EventDate "2015.06.15"]
[EventType "swiss"]
[EventRounds "9"]
[EventCountry "GER"]
[SourceTitle "EXT 2019"]
[Source "ChessBase"]
[SourceDate "2018.10.10"]
[SourceVersion "1"]
[SourceVersionDate "2018.10.10"]
[SourceQuality "1"]

1. d4 Nf6 2. c4 d6 3. Nf3 Bg4 4. e3 c6 5. Nc3 Nbd7 6. h3 Bxf3 7. Qxf3 e5 8. Bd3 Be7 9. 0-0 0-0 10. b3 Re8 11. Bb2 Bf8 12. Rfe1 Qc7 13. d5 Nc5 14. e4 Nxd3 15. Qxd3 a6 16. a4 Qb6 17. Qc2 Rac8 18. a5 Qc7 19. Qd2 h6 20. Na4 Nd7 21. Rac1 Be7 22. Rcd1 c5 1/2-1/2

[Event "Hessen-ch Seniors op 11th"]
[Site "Bad Sooden-Allendorf"]
[Date "2015.05.09"]
[Round "1"]
[White "Hartlaub, Marianne"]
[Black "Fleischer, Matthias"]
[Result "0-1"]
[WhiteElo "1580"]
[BlackElo "1923"]
[PlyCount "86"]
[EventDate "2015.05.09"]
[EventType "swiss"]
[EventRounds "9"]
[EventCountry "GER"]
[SourceTitle "EXT 2018"]
[Source "ChessBase"]
[SourceDate "2017.10.13"]
[SourceVersion "1"]
[SourceVersionDate "2017.10.13"]
[SourceQuality "1"]

1. Nf3 Nf6 2. c4 g6 3. Nc3 Bg7 4. g3 0-0 5. Bg2 c6 6. 0-0 d6 7. h3 Nbd7 8. b3 e5 9. Bb2 Re8 10. d3 Qb6 11. Kh2 Qc7 12. Rc1 Nf8 13. Rc2 Bd7 14. Ng5 h6 15. Nge4 Nh5 16. Bc1 f5 17. Nd2 Rad8 18. e3 Ne6 19. Nf3 Nc5 20. Nh4 Kh7 21. Bf3 Nf6 22. b4 Nxd3 23. Qxd3 e4 24. Bxe4 fxe4 25. Qd2 g5 26. Ng2 Bf5 27. Ne2 Qf7 28. Bb2 Qh5 29. Ng1 Bxh3 30. Bxf6 Bg4+ 31. Nh4 Bxf6 32. f3 Be6 33. fxe4 gxh4 34. Rxf6 hxg3+ 35. Kg2 Rf8 36. Rf4 Qh2+ 37. Kf1 Bxc4+ 38. Qe2 g2+ 39. Kf2 Bxe2 40. Rxe2 Rxf4+ 41. exf4 Qxf4+ 42. Kxg2 Rg8+ 43. Kh1 Qh4+ 0-1

[Event "Bayern-ch op Seniors 26th"]
[Site "Bergen"]
[Date "2014.06.27"]
[Round "7"]
[White "Hartlaub, Marianne"]
[Black "Malik, Heinz"]
[Result "1/2-1/2"]
[WhiteElo "1348"]
[BlackElo "1568"]
[PlyCount "23"]
[EventDate "2014.06.21"]
[EventType "swiss"]
[EventRounds "7"]
[EventCountry "GER"]
[SourceTitle "EXT 2018"]
[Source "ChessBase"]
[SourceDate "2017.10.13"]
[SourceVersion "1"]
[SourceVersionDate "2017.10.13"]
[SourceQuality "1"]

1. Nf3 Nf6 2. c4 g6 3. Nc3 Bg7 4. g3 d6 5. b3 0-0 6. Bb2 Nbd7 7. d4 c5 8. Bg2 e5 9. dxe5 dxe5 10. 0-0 Qe7 11. Qc2 Rd8 12. Rfd1 1/2-1/2

[Event "Bayern-ch op Seniors 26th"]
[Site "Bergen"]
[Date "2014.06.24"]
[Round "4"]
[White "Scheuerlein, Gerhard"]
[Black "Hartlaub, Marianne"]
[Result "1-0"]
[WhiteElo "1585"]
[BlackElo "1348"]
[PlyCount "69"]
[EventDate "2014.06.21"]
[EventType "swiss"]
[EventRounds "7"]
[EventCountry "GER"]
[SourceTitle "EXT 2018"]
[Source "ChessBase"]
[SourceDate "2017.10.13"]
[SourceVersion "1"]
[SourceVersionDate "2017.10.13"]
[SourceQuality "1"]

1. d4 d6 2. c4 Nf6 3. Nc3 c6 4. g3 Qa5 5. Bg2 e5 6. Bd2 Qb6 7. Na4 Qxd4 8. Nf3 Qxc4 9. Rc1 Qxa2 10. b3 Be6 11. 0-0 Bxb3 12. Qe1 Bxa4 13. Ra1 Qc4 14. Qb1 Be7 15. Ra3 Bc2 16. Qxb7 Nfd7 17. Qxa8 0-0 18. Rc3 Qa4 19. Qb7 e4 20. Ne1 Bd1 21. Re3 d5 22. f3 Bc5 23. fxe4 Bxe3+ 24. Bxe3 dxe4 25. Rf4 Nf6 26. Qb2 Nbd7 27. Bd4 Rb8 28. Qd2 h6 29. Bxe4 c5 30. Bxf6 c4 31. Bxg7 Kxg7 32. Rg4+ Kf8 33. Qd6+ Ke8 34. Rg8+ Nf8 35. Rxf8# 1-0